| 000 | 00000nam##2200000za#4500 |
| 001 | 9.615359 |
| 003 | CaOODSP |
| 005 | 20200514165623 |
| 007 | ta |
| 008 | 150406|2000||||xxc||||| f|0| 0 eng|d |
| 040 | |aCaOODSP|beng |
| 043 | |an-cn--- |
| 086 | 1 |aNH18-23/71E |
| 110 | 2 |aCanada Mortgage and Housing Corporation. |
| 245 | 10|aChallenges and prospects for the building materials industry in Canada |
| 260 | |aOttawa - Ontario : |bCanada Mortgage and Housing Corporation |c2000. |
| 300 | |a6p. ; |c28 cm. |
| 490 | 1 |aResearch highlight. Socio-economic series |v71 |
| 563 | |aPamphlet |
| 590 | |a00-42|b2000-10-20 |
| 690 | 07|aConstruction materials|2gcpds |
| 690 | 07|aConstruction industry|2gcpds |
| 775 | 08|tDéfis et perspectives du secteur canadien des matériaux de construction |w(CaOODSP)9.625455 |
| 776 | 0#|tChallenges and prospects for the building materials industry in Canada |w(CaOODSP)9.571750 |
| 830 | #0|aResearch highlight. Socio-economic series ;|v71|w(CaOODSP)9.514827 |
| 986 | |aNHA 2266 |